000 00803nam a2200265Ia 4500
003 OSt
005 20221005092501.0
006 a|||||r|||| 00| 0
007 ta
008 221004b |||||||| |||| 00| 0 eng d
020 _a9780415742030 (pbk)
_c3147.25
024 _a21461
037 _bCBS/352, 11/03/2015, Classic Book Service
_cTextual
040 _aCRL
_cCRL
_beng
041 _2eng
_aeng
082 _aU42, Q5
100 _aBrettell Caroline B Ed.
_9600523
245 0 _aMigration theory
_b Talking across disciplines
250 _a3rd ed.
260 _aNew York
_bRoutledge USA
_c2015
300 _axii,344p.
_ccm.
650 _aGEOGRAPHY
942 _hU42, Q5
_cTEXL
_2cc
999 _c998915
_d998915